=LDR 00000nam 2200000 4500 =001 INLIS000000000021452 =005 20130612120319 =008 ***********************************Ind** =035 ##$$0010-061300000021452 =041 ##$$a Ind =082 ##$$a 641.692 =090 ##$$a 641.692, Yos s =100 ##$$a Yoserizal =245 ##$$a 150 Resep Makanan, Serba Ikan, Yoserizal =260 ##$$a 2001 $b Jakarta =300 ##$$a 149 hlm, Ilus, 21 cm =650 ##$$a Serba Ikan - Resep =850 ##$$a NBPNMAT